000 00672nam a2200217 a 4500
005 20210219152826.0
008 991125n 000 0 spa u
035 _aUPN01000062514
100 _aCID RODRIGUEZ, Rafael
222 _aEDUCACION Y BIBLIOTECA : REVISTA MENSUAL DE DOCUMENTACION Y RECURSOS DIDACTICOS
245 _aAcceso a la lectura en una zona problemática de Sevilla : marginalidad social y bibliotecas
300 _a82-84
362 _a1994 No. 51, nov.
653 0 _aBIBLIOTECAS PUBLICAS
653 0 _aESPAÑA
653 0 _aLECTURA
653 0 _aMARGINACION SOCIAL
653 0 _aSEVILLA, ESPAÑA
904 _aAC
_b000325
905 _aArticulo
999 _c61762
_d61762